[Event "LXX C.to Italiano"]
[Site "Siena ITA"]
[Date "2010.11.28"]
[Round "6"]
[White "Genocchio, Daniele"]
[Black "Garcia Palermo, Carlos Horacio"]
[Result "1/2-1/2"]
[WhiteElo "2433"]
[BlackElo "2465"]
[PlyCount "102"]
[EventDate "2010.11.23"]

1. e4 c6 2. Nc3 d5 3. Nf3 dxe4 4. Nxe4 Bf5 5. Ng3 Bg4 6. h3 Bxf3 7. Qxf3 Nf6 8.
Bc4 e6 9. O-O Be7 10. Re1 O-O 11. c3 Nbd7 12. d4 a5 13. a4 Nb6 14. Bb3 Nbd5 15.
Bc2 b5 16. Bg5 Rb8 17. axb5 cxb5 18. Re5 Re8 19. Rae1 a4 20. Qd3 g6 21. Bd2 Bd6
22. Bg5 Qc7 23. Bxf6 Nxf6 24. Rxb5 Rxb5 25. Qxb5 Rb8 26. Qxa4 Bxg3 27. fxg3
Rxb2 28. Rf1 Nd5 29. c4 Ne3 30. Rf2 Nxc4 31. d5 exd5 32. Qa8+ Rb8 33. Qxd5 Ne3
34. Qd3 Qxg3 35. Bb3 Rf8 36. Re2 Nf5 37. Qxg3 Nxg3 38. Re7 h5 39. Kf2 Nf5 40.
Rd7 Nh6 41. Kf3 Rb8 42. Bd5 Rb4 43. Ra7 Rd4 44. Ba2 h4 45. Rc7 g5 46. Ke3 Ra4
47. Bd5 Rf4 48. Be4 Kg7 49. Rc5 f6 50. Rc7+ Kf8 51. Ra7 Nf5+ 1/2-1/2

[Event "LXX C.to Italiano"]
[Site "Siena ITA"]
[Date "2010.11.28"]
[Round "6"]
[White "Godena, Michele"]
[Black "Piscopo, Pierluigi"]
[Result "1/2-1/2"]
[WhiteElo "2549"]
[BlackElo "2399"]
[PlyCount "127"]
[EventDate "2010.11.23"]

1. e4 c5 2. Nf3 Nc6 3. Bb5 Nf6 4. Nc3 Qc7 5. Bxc6 dxc6 6. h3 e5 7. d3 Bd6 8.
Be3 Nd7 9. Ne2 Nf8 10. Ng3 Ne6 11. c3 O-O 12. Nf5 Rd8 13. Nxd6 Qxd6 14. O-O b6
15. Qa4 Qc7 16. Rfd1 Bb7 17. a3 a5 18. Rd2 Rd7 19. Rad1 Rad8 20. d4 b5 21. Qc2
cxd4 22. cxd4 exd4 23. Nxd4 Nxd4 24. Bxd4 c5 25. Be5 Qc6 26. Rxd7 Rxd7 27. Rxd7
Qxd7 28. Qxc5 f6 29. Bc3 Bxe4 30. f3 Bc6 31. Bxa5 h6 32. Bc3 Qd5 33. Qe3 h5 34.
Qf4 Kf7 35. Bd4 Bd7 36. h4 Qc4 37. Qd2 Bf5 38. Bf2 Qd3 39. Qf4 Qd5 40. a4 bxa4
41. Qxa4 Bd7 42. Qa7 Qd1+ 43. Kh2 Qd6+ 44. Bg3 Qd5 45. b4 g5 46. Qc7 gxh4 47.
Bxh4 Qe5+ 48. Qxe5 fxe5 49. Bf2 e4 50. f4 Kg6 51. Kg3 Kf5 52. Be3 Bb5 53. Bd2
Bd7 54. Kf2 Ke6 55. Ke3 Kd5 56. Be1 Bc6 57. Bh4 Bd7 58. Bd8 Kc4 59. Kxe4 Bc6+
60. Ke5 Bxg2 61. f5 Bc6 62. Be7 Be8 63. Kf4 Kb5 64. Ke4 1/2-1/2

[Event "LXX C.to Italiano"]
[Site "Siena ITA"]
[Date "2010.11.28"]
[Round "6"]
[White "Ortega, Lexy"]
[Black "D'Amore, Carlo"]
[Result "1/2-1/2"]
[WhiteElo "2480"]
[BlackElo "2485"]
[PlyCount "129"]
[EventDate "2010.11.23"]

1. Nf3 Nf6 2. c4 c6 3. g3 d5 4. Bg2 g6 5. b3 Bg7 6. Bb2 O-O 7. d3 Bg4 8. Nbd2
Bxf3 9. Bxf3 Nbd7 10. O-O e5 11. cxd5 cxd5 12. Bg2 Re8 13. b4 a5 14. bxa5 Qxa5
15. e4 dxe4 16. dxe4 Qb4 17. Nb3 Nb6 18. Qd2 Qa4 19. Qe2 Nc4 20. Bc3 b5 21.
Rfd1 Rac8 22. Rd3 Bf8 23. Bh3 Rc7 24. Rad1 Qa8 25. Bg2 Ra7 26. Qf3 Qc6 27. Nc1
Qb6 28. Bh3 Kg7 29. Bd7 Rea8 30. Bh3 Bc5 31. Bf1 h5 32. h3 Ra3 33. Bg2 b4 34.
Ba1 Rxa2 35. Nxa2 Rxa2 36. Rf1 Qa7 37. Rdd1 Ne8 38. Qb3 Ned6 39. Rxd6 Bxd6 40.
Qxc4 Rxa1 41. Rxa1 Qxa1+ 42. Bf1 Qc3 43. Qxc3 bxc3 44. Bd3 h4 45. g4 Kf6 46.
Kg2 Bc5 47. Kf3 Bd4 48. Bc2 Ke6 49. Ke2 Kd6 50. Bb3 f6 51. Kd3 Kc5 52. Bf7 Kb4
53. f3 Bf2 54. Kc2 Be3 55. Kd3 Bd2 56. Kc2 Be3 57. Kd3 Bb6 58. Kc2 Ba5 59. Kd3
Ka4 60. Kc2 Kb5 61. Bxg6 Kc4 62. g5 fxg5 63. Bh5 Kd4 64. Bg4 Ke3 65. Bh5
1/2-1/2

[Event "LXX C.to Italiano"]
[Site "Siena ITA"]
[Date "2010.11.30"]
[Round "7"]
[White "Brunello, Sabino"]
[Black "Godena, Michele"]
[Result "1/2-1/2"]
[WhiteElo "2544"]
[BlackElo "2549"]
[PlyCount "81"]
[EventDate "2010.11.23"]

1. c4 e5 2. g3 Nf6 3. Bg2 h6 4. b3 Bc5 5. Bb2 O-O 6. d4 exd4 7. Bxd4 Bb4+ 8.
Bc3 a5 9. a3 Bxc3+ 10. Nxc3 d6 11. Nf3 Re8 12. O-O Na6 13. Qc2 Qe7 14. Rfd1 Nc5
15. Nd4 c6 16. Rac1 h5 17. b4 axb4 18. axb4 Nce4 19. Nxe4 Nxe4 20. Bxe4 Qxe4
21. Qxe4 Rxe4 22. f3 Re5 23. Kf2 Kf8 24. Ra1 Rxa1 25. Rxa1 Ke7 26. b5 Rc5 27.
Ra8 Bd7 28. Ra7 cxb5 29. cxb5 Bxb5 30. Rxb7+ Bd7 31. h4 g6 32. Ke3 Rc3+ 33. Kd2
Rc4 34. Kd3 Rc1 35. e4 Kd8 36. Ne2 Rc7 37. Rb2 Ke7 38. Nf4 Be6 39. Rd2 Ra7 40.
Ke3 Ra3+ 41. Kd4 1/2-1/2

[Event "LXX C.to Italiano"]
[Site "Siena ITA"]
[Date "2010.11.30"]
[Round "7"]
[White "Garcia Palermo, Carlos Horacio"]
[Black "Ortega, Lexy"]
[Result "1/2-1/2"]
[WhiteElo "2465"]
[BlackElo "2480"]
[PlyCount "31"]
[EventDate "2010.11.23"]

1. d4 d5 2. Nf3 Nf6 3. c4 e6 4. Nc3 c6 5. cxd5 exd5 6. Bg5 h6 7. Bxf6 Qxf6 8.
e3 Bd6 9. Bd3 O-O 10. O-O Bg4 11. h3 Bxf3 12. Qxf3 Qxf3 13. gxf3 Nd7 14. f4
Rfe8 15. Rac1 Nb6 16. a4 1/2-1/2

[Event "LXX C.to Italiano"]
[Site "Siena ITA"]
[Date "2010.11.30"]
[Round "7"]
[White "Piscopo, Pierluigi"]
[Black "Bonafede, Alessandro"]
[Result "1-0"]
[WhiteElo "2399"]
[BlackElo "2310"]
[PlyCount "41"]
[EventDate "2010.11.23"]

1. e4 c5 2. Nf3 Nc6 3. Bb5 g6 4. c3 Nf6 5. e5 Nd5 6. O-O Bg7 7. d4 cxd4 8. cxd4
O-O 9. Nc3 Nc7 10. Bg5 a6 11. Ba4 d5 12. exd6 Qxd6 13. d5 Bxc3 14. dxc6 Bb4 15.
Qc1 Nd5 16. Rd1 b5 17. Bb3 Be6 18. Bh4 f6 19. Bg3 Qd8 20. Rd4 Ba5 21. Qd1 1-0

[Event "LXX C.to Italiano"]
[Site "Siena ITA"]
[Date "2010.11.30"]
[Round "7"]
[White "Rombaldoni, Axel"]
[Black "Dvirnyy, Danyyil"]
[Result "0-1"]
[WhiteElo "2471"]
[BlackElo "2492"]
[PlyCount "112"]
[EventDate "2010.11.23"]

1. e4 d5 2. exd5 Qxd5 3. Nc3 Qa5 4. Nf3 Nf6 5. d4 Bf5 6. Bc4 e6 7. Bd2 Bb4 8.
O-O Nc6 9. a3 Bxc3 10. Bxc3 Qb6 11. b4 O-O 12. b5 Ne7 13. Bb4 Rfe8 14. Qe1 Nd7
15. a4 a5 16. bxa6 bxa6 17. a5 Qa7 18. Bb3 c5 19. Bc3 Rec8 20. Ba4 Nd5 21. Bxd7
Qxd7 22. Bb2 c4 23. Qe2 Qb5 24. Ba3 c3 25. Qd1 Qa4 26. Ne1 Qxa5 27. Nd3 Bxd3
28. Qxd3 Qb5 29. Qg3 Qe2 30. Rac1 Qe4 31. Bd6 a5 32. Rfe1 Qg6 33. Qf3 Ra6 34.
Ba3 Rb6 35. g3 h6 36. Re5 Rcb8 37. Qd1 a4 38. h4 f6 39. h5 Qe8 40. Re4 Qd7 41.
Qe2 Nc7 42. Kh2 Rb1 43. Re1 Qd5 44. Qd3 Qxh5+ 45. Kg1 Qd5 46. Bc1 Nb5 47. Qe3
Rb6 48. Rg4 g5 49. Kh2 Kg7 50. f4 Qf5 51. d5 Nc7 52. fxg5 Qxg4 53. gxf6+ Kf7
54. Qxh6 Qg6 55. Qf4 Qxc2+ 56. Kg1 Nxd5 0-1

[Event "LXX C.to Italiano"]
[Site "Siena ITA"]
[Date "2010.12.01"]
[Round "8"]
[White "Bonafede, Alessandro"]
[Black "Brunello, Sabino"]
[Result "0-1"]
[WhiteElo "2310"]
[BlackElo "2544"]
[PlyCount "78"]
[EventDate "2010.11.23"]

1. e4 c5 2. b4 b6 3. bxc5 bxc5 4. Nc3 Nc6 5. Bc4 g6 6. Rb1 Bg7 7. f4 e6 8. Nf3
Nge7 9. e5 d5 10. exd6 Qxd6 11. Ne4 Qxf4 12. d3 Qc7 13. O-O O-O 14. Qe1 Nf5 15.
g4 Nd6 16. Qg3 Be5 17. Qh4 Nxe4 18. dxe4 Bg7 19. Bh6 Qd8 20. g5 Bxh6 21. Qxh6
Ne5 22. Nxe5 Qd4+ 23. Rf2 Qxe5 24. Qh4 Bd7 25. Qf4 Qxf4 26. Rxf4 Rfb8 27. Rbf1
Be8 28. e5 Rd8 29. h4 Rd2 30. R1f2 Rd1+ 31. Kh2 Rad8 32. c3 Re1 33. Rb2 Rxe5
34. Kg1 Bc6 35. Kf2 Kg7 36. Be2 Rd7 37. Bg4 h6 38. Rb8 Rd2+ 39. Kf1 Bg2+ 0-1

[Event "LXX C.to Italiano"]
[Site "Siena ITA"]
[Date "2010.12.01"]
[Round "8"]
[White "Genocchio, Daniele"]
[Black "Piscopo, Pierluigi"]
[Result "0-1"]
[WhiteElo "2433"]
[BlackElo "2399"]
[PlyCount "106"]
[EventDate "2010.11.23"]

1. e4 c5 2. Nf3 Nc6 3. Bb5 Nf6 4. Nc3 Qc7 5. O-O Nd4 6. Re1 a6 7. e5 Nxb5 8.
exf6 Nxc3 9. fxg7 Bxg7 10. dxc3 h6 11. Nh4 d6 12. Qh5 e5 13. f4 Be6 14. fxe5
dxe5 15. Bf4 O-O-O 16. Bxe5 Bxe5 17. Rxe5 Kb8 18. Rxc5 Qb6 19. Qe5+ Ka7 20. b4
Rhe8 21. Kh1 Bd5 22. Qf5 Qe6 23. c4 Bxc4 24. Qxe6 Bxe6 25. Nf3 Bd5 26. Rc3 Rc8
27. Rxc8 Rxc8 28. Ne1 Be4 29. Rc1 Rc3 30. Kg1 Ra3 31. Kf2 Rxa2 32. Ke3 Bg6 33.
g4 Rb2 34. c3 Rxh2 35. Nf3 Rc2 36. Rxc2 Bxc2 37. Ne5 Bb3 38. c4 f6 39. Nd7 Bxc4
40. Kd4 Be6 41. Nxf6 Kb6 42. Ke5 Bb3 43. Ne4 Bd1 44. g5 hxg5 45. Nxg5 Kb5 46.
Kd4 Kxb4 47. Kd3 Kb3 48. Ne6 b6 49. Kd2 Bg4 50. Nc7 a5 51. Nd5 a4 52. Kc1 Bf5
53. Nxb6 a3 0-1

[Event "LXX C.to Italiano"]
[Site "Siena ITA"]
[Date "2010.12.02"]
[Round "9"]
[White "Brunello, Sabino"]
[Black "Genocchio, Daniele"]
[Result "1-0"]
[WhiteElo "2544"]
[BlackElo "2433"]
[PlyCount "69"]
[EventDate "2010.11.23"]

1. c4 e5 2. g3 g6 3. Bg2 Bg7 4. Nc3 Nc6 5. e4 d6 6. Nge2 h5 7. h4 a6 8. d3 Bg4
9. f3 Bd7 10. Bg5 Qb8 11. Rc1 Nd8 12. d4 Ne6 13. Be3 Ne7 14. d5 Nf8 15. Qd2 Nh7
16. c5 O-O 17. Nd1 f5 18. Nf2 Nf6 19. O-O Rf7 20. Kh2 Qd8 21. Ng1 f4 22. gxf4
exf4 23. Bd4 Nexd5 24. exd5 Ng4+ 25. fxg4 Qxh4+ 26. Nfh3 hxg4 27. Bxg7 gxh3 28.
Bxh3 Bxh3 29. Qf2 Qh5 30. Nxh3 Kxg7 31. Qd4+ Kg8 32. cxd6 c5 33. dxc6 bxc6 34.
Rc5 Qh4 35. Rxf4 1-0

[Event "LXX C.to Italiano"]
[Site "Siena ITA"]
[Date "2010.12.02"]
[Round "9"]
[White "Piscopo, Pierluigi"]
[Black "Ortega, Lexy"]
[Result "0-1"]
[WhiteElo "2399"]
[BlackElo "2480"]
[PlyCount "40"]
[EventDate "2010.11.23"]

1. e4 e5 2. Nf3 Nc6 3. Bc4 Nf6 4. d3 h6 5. O-O d6 6. c3 g6 7. d4 exd4 8. cxd4
Bg7 9. Nc3 O-O 10. Re1 Bg4 11. Be3 Nxe4 12. Nxe4 d5 13. Bxh6 dxe4 14. Bxg7 Bxf3
15. gxf3 Kxg7 16. Rxe4 f5 17. Re3 Nxd4 18. f4 Qd6 19. Re5 Rad8 20. Bd5 Nc6 0-1

[Event "LXX C.to Italiano"]
[Site "Siena ITA"]
[Date "2010.12.02"]
[Round "9"]
[White "Rombaldoni, Axel"]
[Black "Bonafede, Alessandro"]
[Result "0-1"]
[WhiteElo "2471"]
[BlackElo "2310"]
[PlyCount "120"]
[EventDate "2010.11.23"]

1. e4 c5 2. Nf3 d6 3. d4 cxd4 4. Qxd4 a6 5. c4 Nc6 6. Qe3 g6 7. Be2 Bg4 8. O-O
Bg7 9. Rd1 Qc7 10. Nc3 Nf6 11. b3 O-O 12. Bb2 Rac8 13. Rac1 Qa5 14. Na4 Bxf3
15. Bxf3 Ne5 16. Be2 Neg4 17. Qg3 h5 18. Bxg4 hxg4 19. e5 Nh5 20. Qxg4 dxe5 21.
c5 Rcd8 22. g3 Qb5 23. Nb6 Bh6 24. Rb1 Nf6 25. Qc4 Qc6 26. Bxe5 Qf3 27. Qc2 Ng4
28. Nc4 Nxf2 29. Qxf2 Rxd1+ 30. Rxd1 Qxd1+ 31. Kg2 Qd5+ 32. Qf3 Rd8 33. Bc7 Rd7
34. Qxd5 Rxd5 35. Bb6 Bd2 36. a3 f5 37. b4 Kf7 38. Kf3 Bc3 39. Bc7 Kf6 40. Nb6
Rd3+ 41. Ke2 Rd2+ 42. Ke3 Rd1 43. Ke2 Rd4 44. Bf4 g5 45. Be3 Rd8 46. Nc4 Bd4
47. Bd2 e5 48. Nd6 Rd7 49. g4 fxg4 50. Be1 Rh7 51. Bg3 Ke6 52. Ne4 Rg7 53. Kd3
Kd5 54. Nf6+ Kc6 55. Nxg4 Kb5 56. Nf6 Rf7 57. Ne8 Rf3+ 58. Ke4 Rxa3 59. Kd5
Kxb4 60. Nd6 Rxg3 0-1

[Event "LXX C.to Italiano"]
[Site "Siena ITA"]
[Date "2010.12.02"]
[Round "9"]
[White "Rombaldoni, Denis"]
[Black "D'Amore, Carlo"]
[Result "0-1"]
[WhiteElo "2494"]
[BlackElo "2485"]
[PlyCount "110"]
[EventDate "2010.11.23"]

1. d4 d5 2. c4 c6 3. Nf3 Nf6 4. Nc3 a6 5. c5 Nbd7 6. Bf4 Nh5 7. Bd2 Nhf6 8. Bf4
Nh5 9. Bd2 g6 10. e4 dxe4 11. Nxe4 Ndf6 12. Nc3 Be6 13. Be2 Bd5 14. Nxd5 Nxd5
15. Qb3 Qc7 16. Ne5 Bg7 17. Bxh5 Bxe5 18. dxe5 gxh5 19. O-O Rg8 20. Rfe1 e6 21.
Qh3 Qe7 22. b4 a5 23. a3 h4 24. Rab1 axb4 25. axb4 Nc7 26. Re4 Qd8 27. Be1 Qg5
28. Rxh4 Ra3 29. g3 Qxe5 30. Rxh7 Qe4 31. Rd1 Qe2 32. Qh5 Rf3 33. Kg2 Rg4 34.
Rd2 Qe4 35. Rh8+ Ke7 36. Kh3 Rff4 37. Rd1 Qe2 38. Bd2 Nd5 39. Re1 Qxd2 40.
Rxe6+ Kxe6 41. Rd8 Rh4+ 42. gxh4 Qd3+ 43. Kg2 Ne3+ 44. Kg3 Qxd8 45. Kxf4 Qd4+
46. Kg3 Nf5+ 47. Kg2 Qxb4 48. Qe2+ Kf6 49. Qe8 Qxc5 50. Qd8+ Qe7 51. Qh8+ Ke6
52. f4 Nxh4+ 53. Kh3 Ng6 54. f5+ Kxf5 55. Qh5+ Kf6 0-1

[Event "LXX C.to Italiano"]
[Site "Siena ITA"]
[Date "2010.12.03"]
[Round "10"]
[White "Bonafede, Alessandro"]
[Black "Dvirnyy, Danyyil"]
[Result "1-0"]
[WhiteElo "2310"]
[BlackElo "2492"]
[PlyCount "47"]
[EventDate "2010.11.23"]

1. e4 c5 2. Nf3 d6 3. d4 Nf6 4. Nc3 cxd4 5. Nxd4 a6 6. Bg5 e6 7. f4 Qb6 8. Qd2
Nc6 9. Bxf6 gxf6 10. Nb3 Bd7 11. Be2 h5 12. O-O-O O-O-O 13. Kb1 Kb8 14. Bf3 Be7
15. h4 Rdg8 16. Qe2 Rg3 17. Bxh5 a5 18. Bf3 Na7 19. a4 Rgg8 20. h5 Rc8 21. Qd2
Be8 22. h6 Qb4 23. Rh5 b6 24. Qe3 1-0

[Event "LXX C.to Italiano"]
[Site "Siena ITA"]
[Date "2010.12.03"]
[Round "10"]
[White "Garcia Palermo, Carlos Horacio"]
[Black "Rombaldoni, Denis"]
[Result "1-0"]
[WhiteElo "2465"]
[BlackElo "2494"]
[PlyCount "75"]
[EventDate "2010.11.23"]

1. d4 d5 2. Nf3 Nf6 3. c4 c6 4. e3 g6 5. Nbd2 Bg7 6. b4 Nbd7 7. Bb2 O-O 8. Be2
a5 9. a3 axb4 10. axb4 Rxa1 11. Qxa1 dxc4 12. Nxc4 Nd5 13. Qa5 Nb8 14. b5 b6
15. Qa4 cxb5 16. Qxb5 Ba6 17. Qb3 Nc6 18. O-O e6 19. Rc1 Na5 20. Nxa5 Bxe2 21.
Nc6 Qd7 22. e4 Bxf3 23. Qxf3 Nc7 24. Qb3 b5 25. h4 Ra8 26. h5 gxh5 27. d5 Bxb2
28. Qxb2 exd5 29. Qe5 Re8 30. Qg5+ Kf8 31. Qh6+ Kg8 32. Qg5+ Kf8 33. Qf6 Kg8
34. Rc3 h4 35. Qxh4 Re6 36. Qg3+ Rg6 37. Ne5 Rxg3 38. Rxg3+ 1-0

[Event "LXX C.to Italiano"]
[Site "Siena ITA"]
[Date "2010.12.03"]
[Round "10"]
[White "Genocchio, Daniele"]
[Black "Rombaldoni, Axel"]
[Result "1/2-1/2"]
[WhiteElo "2433"]
[BlackElo "2471"]
[PlyCount "53"]
[EventDate "2010.11.23"]

1. d4 Nf6 2. c4 g6 3. Nc3 d5 4. cxd5 Nxd5 5. Bd2 Bg7 6. e4 Nb6 7. Be3 O-O 8.
Be2 Nc6 9. Nf3 Bg4 10. d5 Bxf3 11. gxf3 Ne5 12. Qb3 c6 13. f4 Ned7 14. dxc6
bxc6 15. h4 Nf6 16. h5 Nxh5 17. Bxh5 gxh5 18. Rxh5 Rb8 19. Qc2 Nc4 20. e5 h6
21. b3 Na3 22. Qb2 Qa5 23. O-O-O Nc4 24. Qc2 Na3 25. Qb2 Nc4 26. Qc2 Na3 27.
Qb2 1/2-1/2

[Event "LXX C.to Italiano"]
[Site "Siena ITA"]
[Date "2010.12.03"]
[Round "10"]
[White "Ortega, Lexy"]
[Black "Brunello, Sabino"]
[Result "0-1"]
[WhiteElo "2480"]
[BlackElo "2544"]
[PlyCount "90"]
[EventDate "2010.11.23"]

1. Nf3 Nf6 2. c4 b6 3. g3 Bb7 4. Bg2 e6 5. O-O Be7 6. b3 O-O 7. Bb2 c5 8. Nc3
d6 9. d4 cxd4 10. Qxd4 a6 11. Rfd1 Qc7 12. e4 Nbd7 13. Ba3 Nc5 14. e5 dxe5 15.
Qxe5 Rfc8 16. Qxc7 Rxc7 17. Ne5 Bxg2 18. Kxg2 Kf8 19. Bxc5 Rxc5 20. f4 Rc7 21.
Rd3 Rd8 22. Rxd8+ Bxd8 23. Rd1 Be7 24. a4 Ke8 25. Kf3 Ba3 26. Ne4 Nxe4 27. Kxe4
Ke7 28. g4 a5 29. h4 f6 30. Nf3 g6 31. f5 exf5+ 32. gxf5 Kf7 33. Rd5 Re7+ 34.
Kd3 Bc5 35. Nd4 Bxd4 36. fxg6+ hxg6 37. Kxd4 f5 38. h5 f4 39. Rg5 gxh5 40. c5
bxc5+ 41. Kc4 Kf6 42. Rxh5 f3 43. Rh1 Kg5 44. Kb5 Kg4 45. Kxa5 Rb7 0-1

[Event "LXX C.to Italiano"]
[Site "Siena ITA"]
[Date "2010.12.04"]
[Round "11"]
[White "Brunello, Sabino"]
[Black "D'Amore, Carlo"]
[Result "1/2-1/2"]
[WhiteElo "2544"]
[BlackElo "2485"]
[PlyCount "89"]
[EventDate "2010.11.23"]

1. d4 d5 2. c4 c6 3. Nf3 Nf6 4. Nc3 a6 5. g3 Bf5 6. Bg2 e6 7. O-O h6 8. Bf4
Nbd7 9. c5 Be7 10. b4 Ne4 11. Nxe4 Bxe4 12. a4 O-O 13. b5 axb5 14. axb5 Bxf3
15. Bxf3 e5 16. dxe5 Nxc5 17. bxc6 bxc6 18. Qc2 Qd7 19. Be3 Ne6 20. Rad1 Ra3
21. Bc1 Ra5 22. Qf5 Rd8 23. Bg4 g6 24. Qc2 h5 25. Bh3 Rda8 26. Bg2 Ra2 27. Qd3
Nc5 28. Qe3 Qf5 29. Rd2 Nd7 30. Bb2 Bb4 31. Bc3 Bxc3 32. Qxc3 Rxd2 33. Qxd2
Qxe5 34. Qc1 Ra6 35. Rd1 Kg7 36. e4 dxe4 37. Bxe4 Qxe4 38. Rxd7 Ra5 39. Qc3+
Qe5 40. Qxc6 Ra1+ 41. Kg2 Qe1 42. Qc4 Qg1+ 43. Kf3 Qh1+ 44. Kf4 Qc1+ 45. Ke4
1/2-1/2

[Event "LXX C.to Italiano"]
[Site "Siena ITA"]
[Date "2010.12.04"]
[Round "11"]
[White "Dvirnyy, Danyyil"]
[Black "Genocchio, Daniele"]
[Result "1/2-1/2"]
[WhiteElo "2492"]
[BlackElo "2433"]
[PlyCount "20"]
[EventDate "2010.11.23"]

1. e4 Nc6 2. Nf3 e5 3. Bb5 Nf6 4. O-O Nxe4 5. d4 Nd6 6. Bxc6 dxc6 7. dxe5 Nf5
8. Qxd8+ Kxd8 9. Rd1+ Ke8 10. Nc3 h6 1/2-1/2

[Event "LXX C.to Italiano"]
[Site "Siena ITA"]
[Date "2010.12.04"]
[Round "11"]
[White "Godena, Michele"]
[Black "Bonafede, Alessandro"]
[Result "1/2-1/2"]
[WhiteElo "2549"]
[BlackElo "2310"]
[PlyCount "100"]
[EventDate "2010.11.23"]

1. e4 c5 2. c3 g6 3. Nf3 Bg7 4. Bc4 d6 5. d4 cxd4 6. cxd4 Nf6 7. Nc3 O-O 8. Bb3
Bg4 9. h3 Bxf3 10. Qxf3 Nc6 11. Be3 Nd7 12. Rd1 Na5 13. Bc2 Rc8 14. O-O b5 15.
Bb1 Nc4 16. Bc1 b4 17. Nd5 a5 18. Qe2 e6 19. Ne3 Ndb6 20. Nxc4 Nxc4 21. d5 e5
22. Bd3 Nb6 23. Ba6 Rb8 24. Bb5 f5 25. f4 Nd7 26. Bxd7 Qxd7 27. fxe5 Bxe5 28.
exf5 Rxf5 29. Kh1 Rbf8 30. Bh6 Rxf1+ 31. Rxf1 Rxf1+ 32. Qxf1 Qf5 33. Qxf5 gxf5
34. b3 Kf7 35. Bg5 Bf6 36. Bf4 Be5 37. Bg5 Bf6 38. Be3 Bb2 39. Bg5 Bf6 40. Be3
Bb2 41. h4 Kf6 42. Bf4 Be5 43. Bg5+ Kg6 44. Be3 Bg3 45. Bb6 Bxh4 46. Bxa5 Be1
47. Bc7 Bg3 48. Ba5 Be1 49. Bc7 Bg3 50. Ba5 Be1 1/2-1/2

[Event "LXX C.to Italiano"]
[Site "Siena ITA"]
[Date "2010.12.04"]
[Round "11"]
[White "Piscopo, Pierluigi"]
[Black "Garcia Palermo, Carlos Horacio"]
[Result "1/2-1/2"]
[WhiteElo "2399"]
[BlackElo "2465"]
[PlyCount "20"]
[EventDate "2010.11.23"]

1. e4 c6 2. d4 d5 3. exd5 cxd5 4. Bd3 Nc6 5. c3 Nf6 6. Bf4 g6 7. Nf3 Bg7 8. O-O
O-O 9. Re1 b6 10. Ne5 Nxe5 1/2-1/2

[Event "LXX C.to Italiano"]
[Site "Siena ITA"]
[Date "2010.12.04"]
[Round "11"]
[White "Rombaldoni, Axel"]
[Black "Ortega, Lexy"]
[Result "1/2-1/2"]
[WhiteElo "2471"]
[BlackElo "2480"]
[PlyCount "22"]
[EventDate "2010.11.23"]

1. e4 e5 2. Nf3 Nf6 3. Nxe5 d6 4. Nf3 Nxe4 5. d3 Nf6 6. Be2 g6 7. O-O Bg7 8. d4
O-O 9. c4 Nc6 10. Nc3 Bg4 11. Re1 Re8 1/2-1/2